Central Library OPAC University of Rajshahi

Five aces / (Record no. 20252)

MARC details
000 -LEADER
fixed length control field 00838nam a22002772 4500
001 - CONTROL NUMBER
control field 20252
003 - CONTROL NUMBER IDENTIFIER
rucl marc code UkOxU
005 - DATE AND TIME OF LATEST TRANSACTION
control field 20211209000535.0
008 - FIXED-LENGTH DATA ELEMENTS--GENERAL INFORMATION
fixed length control field 140227r19431940enk 000 1 eng d
035 ## - SYSTEM CONTROL NUMBER
System control number BD-RjUL) 20314
040 ## - CATALOGING SOURCE
Original cataloging agency BGU
Transcribing agency BGU
Modifying agency EQO
-- BD-RjUL
Language of cataloging eng
041 ## - LANGUAGE CODE
Language code of text/sound track or separate title eng
082 04 - DEWEY DECIMAL CLASSIFICATION NUMBER
Classification number 823.9
Author mark and year HUF 1943
100 1# - MAIN ENTRY--PERSONAL NAME
Personal name Hume, David
Dates associated with a name 1900-1945
9 (RLIN) 62426
245 10 - TITLE STATEMENT
Title Five aces /
Statement of responsibility, etc. by David Hume.
260 ## - PUBLICATION, DISTRIBUTION, ETC. (IMPRINT)
Place of publication, distribution, etc. London :
Name of publisher, distributor, etc. Wm. Collins Sons & Co.,
Date of publication, distribution, etc. c1942.
300 ## - PHYSICAL DESCRIPTION
Pagination 158 p. ;
Size 18 cm.
490 1# - SERIES STATEMENT
Series statement Collins mystery novels
Series statement White circle pocket novel
Series statement Vintage Collins white circle pocket novel
650 #0 - SUBJECT ADDED ENTRY--TOPICAL TERM
Topical term or geographic name as entry element Five aces
9 (RLIN) 62427
830 #0 - SERIES ADDED ENTRY--UNIFORM TITLE
Uniform title Collins mystery novels
Uniform title White circle pocket novel
Uniform title Vintage Collins white circle pocket novel
942 ## - ADDED ENTRY ELEMENTS (KOHA)
Source of classification or shelving scheme Dewey Decimal Classification
Koha item type Books
Holdings
Lost status Source of classification or shelving scheme Damaged status Not for loan Collection code Permanent Location Current Location Shelving location Date acquired Source of acquisition Cost, normal purchase price Total Checkouts Full call number Date last seen Copy number Koha item type
  Dewey Decimal Classification   Not For Loan Fiction Central Library, University of Rajshahi Central Library, University of Rajshahi Reading Room 03/08/1968 Prarik 6.00   823.9 HUF 1943 27/02/2014 C-1 Books